Syntéza benzokondenzovaných makrocyklov so zabudovaným oxokrotonylovým fragmentom

Salvato in:
Dettagli Bibliografici
Autore principale: Černák, Tomáš (Autore)
Altri autori: Caletková, Oľga (Relatore della tesi)
Natura: Manoscritto Libro
Lingua:slovacco
Pubblicazione: 2024
Soggetti:
Accesso online:http://is.stuba.sk/zp/portal_zp.pl?podrobnosti=176573
Tags: Aggiungi Tag
Nessun Tag, puoi essere il primo ad aggiungerne!!

MARC

LEADER 00000ntm a22000003a 4500
001 stuzp99630
003 SK-STU
005 20240601210906.2
007 ta
008 150427s2015----xo-----f-mn---000-0-slo-d
040 |a STU  |b slo 
041 0 |a slo 
100 1 |a Černák, Tomáš  |u 048140  |4 aut  |U FCHPT Ústav organickej chémie, katalýzy a petrochémie  |T FCHPT Oddelenie organickej chémie  |X 104121  |U C8140  |Y 124  |7 104121 
242 0 1 |a Synthesis of benzofused macrocycles with an incorporated oxocrotonyl fragment.  |y eng 
245 1 0 |a Syntéza benzokondenzovaných makrocyklov so zabudovaným oxokrotonylovým fragmentom 
260 |c 2024 
650 4 |a makrolaktóny  |2 slo 
650 4 |a 4-oxokrotonylový fragment  |2 slo 
650 4 |a Michaelova adícia  |2 slo 
650 4 |a 4-oxocrotonyl fragment  |2 eng 
650 4 |a Michael adition  |2 eng 
650 4 |a macrolactones  |2 eng 
700 1 |a Caletková, Oľga  |u 048140  |k Z1  |4 ths  |U FCHPT Ústav organickej chémie, katalýzy a petrochémie  |T FCHPT Oddelenie organickej chémie  |X 25498  |U C8140  |Y 124  |7 A000025498 
856 4 |u http://is.stuba.sk/zp/portal_zp.pl?podrobnosti=176573